| Tag |
First Indicator |
Second Indicator |
Subfields |
| LEADER |
00000cam a22000001i 4500 |
| 001 |
in00004278708 |
| 006 |
m |o d | |
| 007 |
cr |n||||||||| |
| 008 |
200903t20182018mau ob 101 0 eng d |
| 005 |
20260114210452.8 |
| 020 |
|
|
|a 9781618119780 (electronic bk.)
|
| 020 |
|
|
|a 1618119788 (electronic bk.)
|
| 020 |
|
|
|z 9781618119773
|
| 020 |
|
|
|z 161811977X
|
| 024 |
8 |
|
|a 99985131121
|
| 035 |
|
|
|a (NhCcYBP)ybp16041746
|
| 040 |
|
|
|a NhCcYBP
|c NhCcYBP
|d UtOrBLW
|
| 043 |
|
|
|a e-ur---
|
| 050 |
|
4 |
|a PN849.R9
|b L47 2018
|
| 082 |
0 |
4 |
|a 809/.04
|2 23
|
| 245 |
0 |
4 |
|a The literary field under Communist rule /
|c edited by Ausra Jurgutiene and Dalia Satkauskyte.
|
| 264 |
|
1 |
|a Boston :
|b Academic Studies Press,
|c 2018.
|
| 264 |
|
4 |
|c ©2018
|
| 300 |
|
|
|a 1 online resource.
|
| 336 |
|
|
|a text
|b txt
|2 rdacontent
|
| 337 |
|
|
|a computer
|b c
|2 rdamedia
|
| 338 |
|
|
|a online resource
|b cr
|2 rdacarrier
|
| 490 |
1 |
|
|a Lithuanian studies without borders
|
| 500 |
|
|
|a "The problem "The Literary Field under the Communist Regime: Structure, Functions, 'Illusio'" was discussed by literary scholars from various European countries and the USA who came to the Institute of Lithuanian Literature and Folklore in Vilnius (2015). At this conference the literary scholars aimed to overcome the dualistic schemes prevailing in the research of literatures under the communist regime and to create more complex, nuanced, and contextualized frameworks for their analyses. Pierre Bourdieu's concept of literary field suggested a systematic approach towards literary practices, highlighting the functional relationship between literature and society, revealing a network of interconnected individual and collective literary agents, emphasizing the role of illusio (the tendency of participants to engage in the political game and believe in its significance), and combining internal and external analysis of literary works. Part of the discussion from this conference was published in the journal Colloquia, "A Discussion on Methodology for Researching Soviet Literary Space" (2015) and the other part; the most relevant articles have been written for this collection"-- from the preface.
|
| 504 |
|
|
|a Includes bibliographical references and index.
|
| 505 |
0 |
|
|a [Part 1] Soviet literature as theoretical and historical problem. Evgeny Dobrenko: Soviet multinational literature: approaches, problems, and perspectives of study -- Dalia Satkauskyte: The role of Aesopian language in the literary field: autonomy in question -- Vilius Ivanauskas: Between universalism and localism: the strategies of Soviet Lithuanian writers and "sandwiched" Lithuanian ethnic particularism -- [Part 2] Contradictions in Lithuanian literary field. Nerija Putinaite: Atheist autobiography: politics, the literary canon, and restructured experience -- Solveiga Daugirdaite: Sartre and De Beauvoir encounter the pensive Christ -- Loreta Macianskaite: The production of Eimuntas Nekrosius's Kvadratas as a palimpsest of Soviet-era memory -- Donata Mitaite: The experiences of one generation of Soviet poets, their illusions and choices -- Ausra Jurgutiene: The art of compromise in literary criticism that legitimated Soviet-era modernism -- [Part 3] Hermeneutics of truth and compromise in literatures of other Soviet Republics. Valentyna Kharkhun: Ukrainian literature of the late Soviet period: the history of three generations of poets -- Pavel Arsenev: State of emergency literature: Varlam Shalamov vs. "progressive humanity" -- Eva Eglaja-Kristsone: Reading literary history through the archives: the case of the Latvian literary journal Karogs -- Anneli Mihkelev: Hamlet and folklore as elements of the resistance movement in Estonian literature.
|
| 588 |
|
|
|a Description based on print version record.
|
| 500 |
|
|
|a Electronic resource.
|
| 600 |
1 |
0 |
|a Bourdieu, Pierre,
|d 1930-2002
|x Influence.
|
| 650 |
|
0 |
|a Soviet literature
|x History and criticism
|x Theory, etc.
|
| 650 |
|
0 |
|a Literature and society
|z Soviet Union
|x History.
|
| 655 |
|
7 |
|a Electronic books.
|2 local
|
| 700 |
1 |
|
|a Jurgutienė, Aušra,
|e editor.
|0 http://id.loc.gov/authorities/names/n00091183
|
| 700 |
1 |
|
|a Satkauskytė, Dalia,
|e editor.
|0 http://id.loc.gov/authorities/names/n00085588
|
| 710 |
2 |
|
|a Walter de Gruyter & Co.
|0 http://id.loc.gov/authorities/names/n81126942
|
| 776 |
1 |
8 |
|i Online version:
|t Literary field under Communist rule
|d Boston : Academic Studies Press, 2018
|z 9781618119780
|w (DLC) 2019002692
|
| 776 |
1 |
8 |
|c Original
|z 9781618119773
|z 161811977X
|w (DLC) 2018055394
|
| 830 |
|
0 |
|a Lithuanian studies without borders.
|0 http://id.loc.gov/authorities/names/no2020082015
|
| 856 |
4 |
0 |
|u http://proxy.library.tamu.edu/login?url=https://www.degruyter.com/isbn/9781618119780
|z Connect to the full text of this electronic book
|t 0
|
| 945 |
|
|
|b 599728
|
| 955 |
|
|
|a YBP purchased firm e-records
|
| 980 |
|
|
|b 150.00
|g 1
|
| 999 |
f |
f |
|s 454b6a0f-7805-3c16-8ffd-0f9bee6debc8
|i ee1b8457-345a-3916-8376-14b422e6d4cb
|t 0
|
| 952 |
f |
f |
|a Texas A&M University
|b College Station
|c Electronic Resources
|s www_evans
|d Available Online
|t 0
|e PN849.R9 L47 2018
|h Library of Congress classification
|
| 998 |
f |
f |
|a PN849.R9 L47 2018
|t 0
|l Available Online
|